Normal view
MARC view
Entry Personal Name
001 - CONTROL NUMBER
- control field: 27773
003 - CONTROL NUMBER IDENTIFIER
- control field: ARRUPE
005 - DATE AND TIME OF LATEST TRANSACTION
- control field: 20161201113640.0
008 - FIXED-LENGTH DATA ELEMENTS
- fixed length control field: 161201|| aca||aabn | a|a d
040 ## - CATALOGING SOURCE
- Original cataloging agency: ARRUPE
- Transcribing agency: ARRUPE
100 ## - HEADING--PERSONAL NAME
- Personal name: Mununguri, Masumbuko
670 ## - SOURCE DATA FOUND
- Source citation: Work cat.: (ARRUPE)17187: Mununguri, Masumbuko, The closeness approach of the God of our ancestors